Evaluación y rediseño del sistema de aire comprimido para Coca-Cola FEMSA Calle Blancos
Sábháilte in:
| Príomhchruthaitheoir: | |
|---|---|
| Rannpháirtithe: | |
| Formáid: | LEABHAR |
| Teanga: | Spanish |
| Foilsithe / Cruthaithe: |
San José, Costa Rica
2012
|
| Ábhair: | |
| Clibeanna: |
Cuir clib leis
Níl clibeanna ann, Bí ar an gcéad duine le clib a chur leis an taifead seo!
|
MARC
| LEADER | 00000nam a22000007a 4500 | ||
|---|---|---|---|
| 001 | 6613 | ||
| 003 | 010790 | ||
| 005 | 20221231143927.0 | ||
| 008 | 151030b2012 cr a|||| |||| 00| 0 spa d | ||
| 040 | |c cru CEDI | ||
| 100 | |9 1929 |a Bonilla Mora, Verónica | ||
| 245 | |a Evaluación y rediseño del sistema de aire comprimido para Coca-Cola FEMSA Calle Blancos | ||
| 260 | |a San José, Costa Rica |c 2012 | ||
| 500 | |a Tesis (licenciatura en ingeniería mecánica)--Universidad de Costa Rica. Facultad de Ingeniería. Escuela de Ingeniería Mecánica | ||
| 650 | |x AIRE COMPRIMIDO - DISTRIBUCION |x AIRE COMPRIMIDO - APLICACIONES INDUSTRIALES |x INGENIERÍA DE LA PRODUCCIÓN |x COCA-COLA FEMSA DE COSTA RICA |x BEBIDAS GASEOSAS - INDUSTRIA Y COMERICO |9 1931 | ||
| 700 | |9 1930 |a Meza Moraga, Alina | ||
| 942 | |c BK | ||
| 999 | |c 14337 |d 14337 | ||
